Quizzes
Events
Quiz Creation
Community
Videos
Private Events
Remove Ads
Sign In
Join for FREE
Feedback
Dark Mode
Quiz Categories
Sports
Geography
Music
Movies
Television
Just For Fun
Miscellaneous
History
Literature
Language
Science
Gaming
Entertainment
Religion
Holiday
For Kids
Quiz Lab
Recent
Popular Today
Quiz Kudos Today
Editor Picks
Curator Picks
Quizzes by...
Day
Popularity
Type
Ratings
Length
Year
Community
Subscriptions
Recent Discussions
Orange Saloon
Badges
Playlists
Quests
Create
Leaderboards
Showdown
Live 5
Trivia Bingo
Activity
Puzzle Library
Sporcle Events
Private Events
Virtual Trivia
Globe League
Become a Host
Pub Owners
SporcleCon
Opinionation
Our Games
Videos
Blog
Mobile Apps
Partnerships
Remove Ads and Go Orange
Feedback
Sports
Athletes
MLB
NBA
NHL
NFL
Soccer
Sports Teams
WWE
NCAA
Football
Premier League
Basketball
Baseball
Hockey
Golf
Tennis
Cricket
Rugby
Auto Racing
Olympics
World Cup
Sports
Athletes
MLB
NBA
NHL
NFL
Soccer
Sports Teams
WWE
NCAA
Football
Premier League
Basketball
Baseball
Hockey
Golf
Tennis
Cricket
Rugby
Auto Racing
Olympics
World Cup
Random Quiz
Search Sporcle
×
Quiz Lab
Quiz Lab
Sports
teammate
Type in answers that appear in a list
Type in answers that appear in a list
Classic
Best Score? Go Orange.
2 pitchers, 50 wins Stats
Can you name the pairs of teammates to combine for at least 50 wins in a single season?
By
gustavpolo
7m
80 Questions
72 Plays
72 Plays
72 Plays
Comments
Comments
Give Quiz Kudos
Give Quiz Kudos
-
- Ratings
hide this ad
More Info
Replay
Link that replays current quiz
Next Quiz
Link to next quiz in quiz playlist
You Got
0%
They Got
Avg Score
38%
Avg Friend Score
Upgrade to see
Score Distribution
Jump to the score distribution portion of the page
Score
0/80
Timer
07:00
0
Plays Today
team and season
pitcher
% Correct
1902 BOS (53)
Cy Young
93.1%
1912 WSH (57)
Walter Johnson
87.5%
1913 WSH (52)
Walter Johnson
87.5%
1903 NYG (61)
Christy Mathewson
84.7%
1904 NYG (68)
Christy Mathewson
84.7%
1904 NYG (54)
Christy Mathewson
84.7%
1905 NYG (53)
Christy Mathewson
84.7%
1905 NYG (52)
Christy Mathewson
84.7%
1908 NYG (60)
Christy Mathewson
84.7%
1911 NYG (50)
Christy Mathewson
84.7%
1914 NYG (50)
Christy Mathewson
84.7%
1930 PHA (50)
Lefty Grove
68.1%
1931 PHA (52)
Lefty Grove
68.1%
1931 PHA (51)
Lefty Grove
68.1%
1908 CHC (53)
Mordecai Brown
62.5%
1915 PHI (52)
Grover Cleveland Alexander
62.5%
1916 PHI (55)
Grover Cleveland Alexander
62.5%
1944 DET (56)
Hal Newhouser
56.9%
1904 NYH (64)
Jack Chesbro
52.8%
1904 NYH (52)
Jack Chesbro
52.8%
1906 NYH (50)
Jack Chesbro
52.8%
1904 PHA (51)
Eddie Plank
51.4%
1905 PHA (51)
Eddie Plank
51.4%
1907 CHW (51)
Ed Walsh
51.4%
1908 CHW (58)
Ed Walsh
51.4%
1908 CHW (56)
Ed Walsh
51.4%
1911 PHA (51)
Eddie Plank
51.4%
1904 PHA (51)
Rube Waddell
50%
1905 PHA (51)
Rube Waddell
50%
1912 BOS (54)A
Joe Wood
47.2%
1912 BOS (54)B
Joe Wood
47.2%
1903 NYG (61)
Joe McGinnity
45.8%
1904 NYG (68)
Joe McGinnity
45.8%
1904 NYG (56)
Joe McGinnity
45.8%
1905 NYG (52)
Joe McGinnity
45.8%
1919 CHW (52)
Lefty Williams
44.4%
1924 BRO (50)
Dazzy Vance
44.4%
1919 CHW (52)
Eddie Cicotte
43.1%
1907 CHW (50)
Frank Smith
31.9%
1908 CHW (56)
Frank Smith
31.9%
team and season
pitcher
% Correct
1944 DET (56)
Dizzy Trout
31.9%
1902 BSN (54)
Vic Willis
29.2%
1911 NYG (50)
Rube Marquard
29.2%
1907 CHW (51)
Doc White
26.4%
1907 CHW (50)
Doc White
26.4%
1908 CHW (58)
Doc White
26.4%
1916 PHI (55)
Eppa Rixey
26.4%
1924 BRO (50)
Burleigh Grimes
26.4%
1939 CIN (52)
Bucky Walters
26.4%
1920 CLE (55)
Stan Coveleski
20.8%
1939 CIN (52)
Paul Derringer
20.8%
1902 BOS (53)
Bill Dinneen
18.1%
1903 PIT (50)
Deacon Phillippe
18.1%
1920 CLE (55)
Jim Bagby
18.1%
1931 PHA (52)
George Earnshaw
18.1%
1911 PHA (51)
Jack Coombs
16.7%
1930 PHA (50)
George Earnshaw
16.7%
1903 PIT (50)
Sam Leever
15.3%
1908 CHC (53)
Ed Reulbach
15.3%
1905 NYG (53)
Red Ames
13.9%
1909 DET (50)
George Mullin
13.9%
1907 DET (50)
Bill Donovan
12.5%
1914 BSN (52)
Bill James
12.5%
1931 PHA (51)
Rube Walberg
12.5%
1904 NYH (52)
Al Orth
11.1%
1906 NYH (50)
Al Orth
11.1%
1907 DET (50)
Ed Killian
11.1%
1908 NYG (60)
Hooks Wiltse
11.1%
1914 BSN (52)
Dick Rudolph
11.1%
1904 NYG (56)
Dummy Taylor
9.7%
1904 NYG (54)
Dummy Taylor
9.7%
1914 NYG (50)
Jeff Tesreau
9.7%
1902 BSN (54)
Togie Pittinger
8.3%
1912 BOS (54)A
Hugh Bedient
8.3%
1904 NYH (64)
Jack Powell
6.9%
1912 BOS (54)B
Buck O'Brien
6.9%
1909 DET (50)
Ed Willett
5.6%
1912 WSH (57)
Bob Groom
4.2%
1913 WSH (52)
Bob Groom
4.2%
1915 PHI (52)
Erskine Mayer
4.2%
Quiz Playlist
Details
Report
Send in Message
Add To Playlist
More Info:
Post-1900 Only; Federal League not included.
Classic:
Type in answers that appear in a list
Quiz Source
Last Updated: Feb 16, 2017
Quiz Scoreboard
CHALLENGE
Sign Up to Join the Scoreboard
Show All
Scores
Hide
Comments
May contain spoilers
Recently Published
Click the 1999 NBA Draft
by nibperrychub
Sports
2m
Alphabetical 'K' Countries by Flag Minefield
by ylime102
Geography
3m
Pick 6: Fruits
by JohnFran
Miscellaneous
15s
More to Explore
Quiz From the Vault
Featured Blog Post
15 Basketball Trivia Facts You Can Be March Mad About
hide this ad
You Might Also Like...
Tags
combine
least
Pitchers
season
Single
team
teammate
Win
Today's Top Quizzes in Sports
Browse Sports
hide this ad
Today's Top Quizzes in teammate
Browse teammate
Top Contributed Quizzes in Sports
1
Les joueurs à 100 buts en Ligue 1 Uber Eats
2
Pick 6: NFL Teams
3
MLB 2 truths and a lie: Hall of Fame pitchers
4
2022 World Cup Stars
5
Criteria MLB: Left Handed Sluggers
6
Millionaire: NBA Finals Edition
7
Pick 6: Minor League Baseball
8
Click the 1998 NBA Draft
9
Don't Strike Out: 3000 Strikeouts
10
Pick 6: Olympics
Explore More
Trending Topics
Harry Potter
Marvel
Disney
Anime
NBA
Kpop
Crossword
The Office
Soccer
Song
Puzzle
Country
Pokémon
NFL
WWE
hide this ad
More By:
gustavpolo
Quiz
Plays
Rating
Category
Featured
Created
Word Pyramids II
83,538
3.75
Language
Jan 26, 2011
Disney Song Oscar Nominees
21,857
4.58
Movies
Dec 7, 2015
Periodic Table of S.P.O.R.C.L.E.
17,818
4.57
Science
Mar 11, 2011
MLB HOF last names
3,125
4.05
Sports
Jul 29, 2010
Pixar Best Original Song Nominees
1,077
5.00
Movies
Jun 22, 2016
Go to Creator's Profile
Score Distribution
Quiz Creator Spotlight
gustavpolo
Follow
Send a Message
Quizzes Created
-
Created Quiz Play Count
-
More By This Creator
Popular Quizzes Today
1
Countries of Asia Without Outlines Minefield
2
Find the US States - No Outlines Minefield
3
Pick 6: Fruits
4
Alphabetical 'K' Countries by Flag Minefield
5
The Countries of the World
6
Find the US States
7
US States
8
Match the Book to the Film X
More Sports Quizzes
Who's on the Wrestlemania 36 Poster?
Curator's Pick
Trending Quizzes
Pick 6: Harry Potter
Pick 6: Mountains
Pick 6: NFL Teams
Pick 6: Flags
Pick 6: Movie Franchises
Recently Updated
NWSL Teams
pecheneg
Women's Final Four Teams by Year
bhenderson79
Presidents Quartet II
eogle
Anything But Clue(do)
eogle
Anything But Oceanian Capitals
eogle
Anything But 7
eogle
Anything But Thing
eogle
Word Ladder: February 29
pecheneg
Song Title Questions
pecheneg
Women's NCAA Tournament #1 Seeds
pecheneg
Trending Topics
NBA
Anime
Marvel
Kpop
Crossword
Harry Potter
Disney
Country
Pokémon
Soccer
Song
The Office
NFL
WWE
Puzzle
Your Account Isn't Verified!
In order to create a playlist on Sporcle, you need to verify the email address you used during registration. Go to your
Sporcle Settings
to finish the process.
Report this User
Report this user for behavior that violates our
Community Guidelines
.
Details:
Send Report
Go to the Sporcle.com Mobile Site →
Comments